000 00599cam a2200193 4500
001 ##D15676
008 090401t1969 xxu||||| |||| 00| 0 eng d
035 _a(Sirsi) u24514
041 0 _aeng
050 0 4 _a331.2166 $2 18
110 2 _aRoyal Institution of Chartered Surveyors
_94900
245 0 0 _aMemorandum by the quantity surveyors committee on scales nos. 36 and 37
260 _aLondon
_bRICS
_c1969
300 _a10p.
_c21cm.
520 _aFiled in box 1969/6 ABC
690 _aABOUT RICS-RICS MEMBERS-CHARTERED SURVEYORS-CHARTERED QUANTITY SURVEYORS
942 _n0
948 _c04/03/1997
999 _c88558
_d88558